000 00346nam a2200145Ia 4500
005 20250405172707.0
008 240331s9999 xx 000 0 und d
082 _bSAM
_a894
100 _aSaminathan,V
245 0 _aInnum sila aalumaigal
260 _aChennai
_bAnyIndian Pathippagam
_c2006
300 _a247 p .,
650 _aEssays
942 _cL
999 _c4674
_d4674